Outdoor recreation management / (Record no. 344210)

000 -LEADER
fixed length control field 01756 a2200241 4500
020 ## - INTERNATIONAL STANDARD BOOK NUMBER
International Standard Book Number 0415365414
020 ## - INTERNATIONAL STANDARD BOOK NUMBER
International Standard Book Number 9780415365413
082 04 - DEWEY DECIMAL CLASSIFICATION NUMBER
Classification number 790.069
090 ## - LOCALLY ASSIGNED LC-TYPE CALL NUMBER (OCLC); LOCAL CALL NUMBER (RLIN)
-- 1695
-- 1695
100 1# - MAIN ENTRY--PERSONAL NAME
Personal name Jenkins, John.
245 10 - TITLE STATEMENT
Title Outdoor recreation management /
Statement of responsibility, etc. John Jenkins.
250 ## - EDITION STATEMENT
Edition statement 2nd ed.
260 ## - PUBLICATION, DISTRIBUTION, ETC.
Place of publication, distribution, etc. [S.l.] :
Name of publisher, distributor, etc. Routledge,
Date of publication, distribution, etc. 2006.
300 ## - PHYSICAL DESCRIPTION
Extent 440 p. ;
Dimensions 23 cm.
490 1# - SERIES STATEMENT
Series statement Routledge advances in tourism.
500 ## - GENERAL NOTE
General note Paperback.
520 ## - SUMMARY, ETC.
Summary, etc. The ability to manage natural resources within an outdoor recreation context is becoming increasingly important as greater participation in such activities is placing pressure on the environment. This book clarifies the link between leisure, recreation, tourism and resource management; reviews contemporary outdoor recreation and resource management concepts and issues; critically examines approaches to outdoor recreation planning and management in diverse settings; and considers the future of outdoor recreation management This comprehensively revised new edition has many sections rewritten and expanded to reflect contemporary development in leisure and outdoor recreation management in countries such as Australia, Canada, the UK, the US and New Zealand. With extensive use of figures, plates, tables and boxed case studies highlighting theoretical and applied developments, Outdoor Recreation Management 2nd Edition is accessible and student-friendly, offering a truly international focus.
700 1# - ADDED ENTRY--PERSONAL NAME
Personal name Pigram, John.
830 #0 - SERIES ADDED ENTRY--UNIFORM TITLE
Uniform title Routledge advances in tourism.
856 40 - ELECTRONIC LOCATION AND ACCESS
Materials specified Amazon.com
Uniform Resource Identifier <a href="http://www.amazon.com/exec/obidos/ASIN/0415365414/chopaconline-20">http://www.amazon.com/exec/obidos/ASIN/0415365414/chopaconline-20</a>
856 40 - ELECTRONIC LOCATION AND ACCESS
Materials specified Amazon customer reviews
Uniform Resource Identifier <a href="http://www.chopac.org/cgi-bin/tools/azrev.pl?q=0415365414">http://www.chopac.org/cgi-bin/tools/azrev.pl?q=0415365414</a>
942 ## - ADDED ENTRY ELEMENTS (KOHA)
Institution code [OBSOLETE] NBS
Koha item type Book
Call number prefix 790.069 PIG
Holdings
Withdrawn status Lost status Damaged status Not for loan Permanent Location Current Location Date acquired Total Checkouts Full call number Barcode Date last seen Price effective from Koha item type
        Central Library (CL) Central Library (CL) 08/28/2013   790.069 PIG NBS7219 08/28/2013 08/28/2013 Book
© 2023 Central Library, National University of Sciences and Technology. All Rights Reserved.